|
|
|
|
| LEADER |
01458nam a2200325 u 4500 |
| 001 |
10030183 |
| 003 |
upatras |
| 005 |
20210117210027.0 |
| 008 |
990917s1997 uk eng |
| 020 |
|
|
|a 0521553032
|
| 040 |
|
|
|a GR-PaULI
|c GR-PaULI
|
| 041 |
0 |
|
|a eng
|
| 082 |
0 |
4 |
|a 401.9
|
| 245 |
1 |
0 |
|a Language and conceptualization
|c edited by Jan Nuyts and Eric Pederson
|
| 260 |
|
|
|a Cambridge
|b Cambridge University Press
|c 1997
|
| 300 |
|
|
|a viii, 281 p.
|c 24 cm.
|
| 490 |
0 |
|
|a Language, culture and cognition
|v 1
|
| 504 |
|
|
|a Includes index
|
| 650 |
|
4 |
|a Γλώσσα και γλώσσες
|x Επικοινωνία
|9 211
|
| 650 |
|
4 |
|a Ψυχογλωσσολογία
|9 713
|
| 700 |
1 |
|
|a Nuyts, Jan
|4 edt
|9 153701
|
| 700 |
1 |
|
|a Pederson, Eric
|4 edt
|9 111607
|
| 760 |
1 |
|
|a Language, culture and cognition
|g 1
|
| 852 |
|
|
|a GR-PaULI
|b ΠΑΤΡΑ
|b ΒΚΠ
|b ΒΣ1
|k ΑΣΧΞ
|h 401.9 N
|m 050922
|p 025000068871
|t 1
|
| 852 |
|
|
|a GR-PaULI
|b ΠΑΤΡΑ
|b ΦΙΛΟΛΟΓΙΑ
|k ΑΣΧΞ
|h 401.9 N
|m 051009
|p 025000068784
|t 2
|
| 942 |
|
|
|2 ddc
|c BK15
|
| 952 |
|
|
|0 0
|1 0
|4 0
|6 401_900000000000000_N
|7 0
|9 198897
|a LISP
|b LISP
|c BSC
|d 2016-04-24
|i 050922
|l 0
|o 401.9 N
|p 025000068871
|r 2016-04-24 00:00:00
|t 1
|w 2016-04-24
|y BK15
|
| 952 |
|
|
|0 0
|1 0
|2 ddc
|4 0
|6 401_900000000000000_N
|7 0
|9 198898
|a LISP
|b LISP
|c BSC
|d 2016-04-24
|i 051009
|l 0
|o 401.9 N
|p 025000068784
|r 2016-04-24 00:00:00
|t 2
|w 2016-04-24
|y BK15
|x Μεταφορά Τμήματος Φιλολογίας
|
| 998 |
|
|
|c MANIAKH
|d 1999-09
|
| 999 |
|
|
|c 122081
|d 122081
|